Flag test - Statistics

General Stats
  • This quiz has been taken 48 times
  • The average score is 9 of 16
Answer Stats
clue Answer % Correct
south of kim jong South Korea
78%
Kim Jong North Korea
76%
Usain Bolt jamaica
73%
trump wall Mexico
73%
red & stars China
70%
blue black white Estonia
68%
leaf Canada
65%
green white orange Ireland
65%
yellow blue Ukraine
65%
want independence from china Hong kong
57%
50 United states
57%
planet not country Mars
30%
asian country blue green moon stars Uzbekistan
30%
red white blue 2 stars Panama
27%
blue islands beach Bahamas
24%
Island Country sinking Tuvalu
16%
No matching quizzes found
Score Distribution
Percent of People with Each Score
Percentile by Number Answered
Your Score History
You have not taken this quiz